| 000 | 00513nam a2200181Ia 4500 | ||
|---|---|---|---|
| 008 | 131103s9999 xx 000 0 und d | ||
| 020 | _a072147523X | ||
| 040 | _aLoreto College | ||
| 041 | _aEnglish | ||
| 082 |
_aCHBK-I/AES _bLCBED/10383 |
||
| 100 | _aAesop | ||
| 245 |
_aAesop's Fables _cRetold by Marie Stuart & Audrey Daly with illustrations by Robert Ayton |
||
| 260 |
_aLoughborough _bLadybird Books |
||
| 300 |
_a57p. _c 30c.m. |
||
| 650 | _aChildren's Book | ||
| 700 | _aStuart, Marie | ||
| 942 | _cBK | ||
| 999 |
_c37949 _d88428 |
||